Hacia el gran acuerdo nacional: editorial de Causa Proletaria (MIR)
Na minha lista:
| Formato: | Texto |
|---|---|
| Idioma: | Spanish |
| Assuntos: | |
| Tags: |
Adicionar Tag
Sem tags, seja o primeiro a adicionar uma tag!
|
MARC
| LEADER | 00000 a a2200000 04500 | ||
|---|---|---|---|
| 001 | 17991 | ||
| 003 | cru CIDCACS/IIS | ||
| 005 | 20191122134449.0 | ||
| 008 | 191122b ||||| |||| 00| 0 spa d | ||
| 999 | |c 42631 |d 42631 | ||
| 040 | |c cru CIDCACS/IIS | ||
| 245 | 0 | |a Hacia el gran acuerdo nacional: editorial de Causa Proletaria (MIR) | |
| 300 | |a páginas 492-495 | ||
| 650 | 0 | |a POLITICA |9 3691 | |
| 650 | 0 | |a BURGUESIA |9 943 | |
| 650 | 0 | |a DEMOCRACIA |9 83 | |
| 650 | 0 | |a ECONOMIA |9 143 | |
| 651 | 0 | |9 74 |a ECUADOR | |
| 773 | 0 | |0 42391 |9 3853 |a Agencia Latinoamericana de Información, ALAI |d Quito, Ecuador: ALAI |o 04402 |t ALAI: |x 08275564 (Servicio mensual de información y documentación) | |
| 942 | |2 ddc |c PP | ||
